000 00673nam a2200205Ia 4500
001 7567
003 GE_BSU
008 181216s||||||||xx |||||||||||||| ||und||
040 _cGE_BSU
080 _a811.161.1(072)
100 _aИмнадзе,Б.Л. Хорава,М.З.
245 _aУчебное пособие по русскому языку для технических вузов.
245 _cРед.З.Колчина.
260 _aТб.
260 _bГанатлеба.
260 _c1975.
300 _a207стр.20см.
653 _aУчебное пособие по русскому языку для технических вузов.
942 _cBK
999 _c40922
_d40922